|
|
|
|
| LEADER |
01664nam a2200397 a 4500 |
| 001 |
000562113 |
| 003 |
CZ BrMZK |
| 005 |
20070503110425.0 |
| 007 |
ta |
| 008 |
010907s2001 xr e fc cze d |
| 015 |
|
|
|a cnb001009110
|
| 035 |
|
|
|a (OCoLC)50345439
|
| 040 |
|
|
|a BOA001
|b cze
|
| 043 |
|
|
|a e-xr---
|
| 072 |
|
7 |
|a 371
|x Školství (organizace)
|2 Konspekt
|9 22
|
| 080 |
|
|
|a 93/94
|2 MRF
|
| 080 |
|
|
|a 371.279.5/.6
|2 MRF
|
| 080 |
|
|
|a (437.3)
|2 MRF
|
| 080 |
|
|
|a (036)
|2 MRF
|
| 080 |
|
|
|a (083.81)
|2 MRF
|
| 245 |
0 |
0 |
|a Dějepis :
|b katalog požadavků ke společné části maturitní zkoušky v roce 2004 : návrh pro veřejnou diskusi /
|c [zpracovalo Centum pro reformu maturitní zkoušky (CERMAT)na zpracování se podíleli: Josef Beneš (vedoucí týmu) ... et al.].
|
| 246 |
3 |
3 |
|a Katalog požadavků ke společné části maturitní zkoušky v roce 2004
|
| 260 |
|
|
|a [Praha] :
|b Ministerstvo školství, mládeže a tělovýchovy,
|c 2001
|
| 300 |
|
|
|a 16 s. :
|b il. ;
|c 30 cm
|
| 500 |
|
|
|a Bibliogr.
|
| 650 |
0 |
7 |
|a dějepis
|7 ph117186
|2 czenas
|
| 650 |
0 |
7 |
|a maturitní otázky
|7 ph136699
|2 czenas
|
| 650 |
0 |
7 |
|a maturitní zkoušky
|7 ph136836
|z Česko
|y 2004
|2 czenas
|
| 655 |
|
7 |
|a informační publikace
|7 fd132454
|2 czenas
|
| 655 |
|
7 |
|a katalogy
|7 fd132535
|2 czenas
|
| 700 |
1 |
|
|a Beneš, Zdeněk,
|d 1952-
|7 jn20000400136
|
| 710 |
2 |
|
|a Centrum pro reformu maturitní zkoušky
|7 kn20030429005
|
| 910 |
|
|
|a BOA001
|b 4-1086.107
|
| 990 |
|
|
|a BK
|
| 996 |
6 |
|
|b 2610136207
|c 4-1086.107
|l MZK
|r Sklad / do 1 hodiny
|n 2
|p p.v.
|w 000562113
|u 000010
|a 1
|e BOA001
|j MZK50
|s P
|
| 996 |
7 |
|
|b 2610144609
|c 4-1086.107
|l MZK
|r Sklad / do 1 hodiny
|n 4
|p p.v.
|w 000562113
|u 000020
|a 1
|e BOA001
|j MZK50
|s A
|